The ULTIMATE Beatles Trivia Quiz! - Statistics

General Stats
  • This quiz has been taken 71 times
  • The average score is 8 of 15
Answer Stats
Question Answer % Correct
According to the 'Paul is dead' conspiracy, what year did Paul pass? 1966
80%
In the music video for 'Your Mother Should Know", John, George and Ringo are all wearing a red rose, but what colour is Pauls? Black
76%
What is the first song to play on Rubber Soul? Drive my car
71%
What is the name of the hidden track at the end of the Abbey Road Album? Her Majesty
70%
Which Beatle's song on the White Album was said to have inspired Charles Manson? Helter Skelter
67%
'Everybody's got something to hide except me and my monkey' is a song from which Beatle's album? White album
64%
What is the make car seen on the left hand-side of the Abbey Road album cover? Beetle
62%
"Everybody seem's to think I'm lazy, I don't mind, I think they're crazy." is a lyric from which Beatles song? I'm only sleeping
58%
John and George were the first of the Beatles to try LSD, they were spiked by a man who was hosting their dinner that evening, but what was his profession? Dentist
55%
What is the 6th song, on the 6th Album? The Word
38%
Who was the Beatles well-known Roadie? Mal Evans
35%
Ringo Starr was very sick as child, but specifically which part of his body? Stomach
32%
"Do what you want to do..." Finish the Lyric. and go where you're going to
30%
Paul once crashed in the street, causing him to gain a scar above his lip, but what was he driving? Scooter
21%
Aside from Pete Best, who is the 3rd only drummer to peform for the Beatles? Jimmy Nichols
14%
No matching quizzes found
Score Distribution
Percent of People with Each Score
Percentile by Number Answered
Your Score History
You have not taken this quiz